[Event "Mechanics' Winter TNM; G/2 d5"]
[Site "San Francisco"]
[Date "2018.01.16"]
[Round "2.4"]
[White "Chambers, Ezra Paul"]
[Black "Newey, Richard"]
[Result "1-0"]
[WhiteElo "2258"]
[BlackElo "1729"]
[Annotator "Donaldson"]
[PlyCount "23"]
[EventDate "2018.??.??"]
[Source "ChessBase"]
[SourceDate "2007.09.04"]

1. e4 e5 2. Nf3 Nc6 3. Bb5 d6 4. d4 Bd7 5. O-O Nxd4 6. Nxd4 exd4 7. Bxd7+ Qxd7
8. Qxd4 c5 9. Qd3 g6 10. Nc3 Bg7 11. Bf4 O-O-O (11... O-O-O 12. Nb5 Be5 13.
Bxe5 dxe5 14. Qc4 b6 15. a4 {should be winning for White.}) 12. Nb5 1-0

[Event "Mechanics' Summer TNM; G/2 d/5"]
[Site "San Francisco"]
[Date "2018.05.29"]
[Round "1.3"]
[White "Chambers, Ezra Paul"]
[Black "Newey, Richard Her"]
[Result "1-0"]
[WhiteElo "2273"]
[BlackElo "1683"]
[PlyCount "35"]
[EventDate "2018.??.??"]
[Source "ChessBase"]
[SourceDate "2007.09.04"]

1. e4 c5 2. a3 g6 3. Nc3 Bg7 4. h4 d6 5. h5 Nf6 6. h6 Bf8 7. b4 cxb4 8. axb4
Qb6 9. b5 Ng4 10. d4 e5 11. Nd5 Qd8 {Diagram [#]} 12. b6 $1 Nc6 13. Nc7+ Ke7
14. Nxa8 axb6 15. dxe5 Ncxe5 16. f4 Nc6 17. e5 d5 18. Be2 1-0

[Event "Mechanics' Winter TNM; G/2 d5"]
[Site "San Francisco"]
[Date "2018.02.13"]
[Round "6.3"]
[White "Chambers, Ezra Paul"]
[Black "Pryor, Jamieson"]
[Result "1-0"]
[WhiteElo "2258"]
[BlackElo "1953"]
[PlyCount "51"]
[EventDate "2018.??.??"]
[Source "ChessBase"]
[SourceDate "2007.09.04"]

1. e4 c5 2. Nf3 d6 3. Nc3 Nf6 4. d4 cxd4 5. Nxd4 a6 6. Be2 e6 7. O-O Be7 8. f4
Nbd7 9. Kh1 Qc7 10. Qe1 b5 11. Bf3 b4 12. e5 dxe5 13. fxe5 bxc3 14. Bxa8 cxb2
15. Bxb2 Qb8 16. exf6 gxf6 17. Nc6 Qxb2 18. Nxe7 Kxe7 19. Qf2 Rg8 20. Rab1 Qxa2
21. Bc6 f5 22. Bxd7 Bxd7 23. Qh4+ Kf8 24. Rb8+ Be8 25. Rd1 Qa5 26. Qh6+ 1-0

[Event "Mechanics' Winter TNM; G/2 d5"]
[Site "San Francisco"]
[Date "2018.02.20"]
[Round "7.2"]
[White "Chambers, Ezra Paul"]
[Black "Shaw, Tenzing Will"]
[Result "1-0"]
[WhiteElo "2258"]
[BlackElo "2297"]
[Annotator "Donaldson"]
[PlyCount "71"]
[EventDate "2018.??.??"]
[Source "ChessBase"]
[SourceDate "2007.09.04"]

1. e4 e6 2. d4 d5 3. Nc3 Bb4 4. e5 c5 5. a3 Bxc3+ 6. bxc3 Ne7 7. h4 Nbc6 8. h5
h6 9. Nf3 Qa5 10. Bd2 Qc7 11. Rb1 Bd7 12. Rb5 b6 13. Rb1 Na5 14. Bd3 Nc4 15.
Bc1 cxd4 16. cxd4 Ba4 17. Kf1 Nc6 18. Qe2 N6a5 19. Rh4 O-O-O 20. g4 Qe7 21. Qe1
Qd7 22. g5 hxg5 23. Bxg5 Rdg8 24. h6 Bb5 $2 ({This loses material.} 24... Bc6 {
had to be tried.}) 25. hxg7 Rxh4 26. Bxh4 Rxg7 {Diagram [#]} 27. Qb4 $1 Rg4 28.
Qxb5 Rxh4 29. Nxh4 Nd2+ 30. Ke2 Nxb1 31. Qxb1 Qe7 32. Nf3 Qxa3 33. Qg1 Nc6 34.
Qg8+ Nd8 35. Qe8 a5 36. Bb5 1-0

[Event "Mechanics' Summer TNM; G/2 d/5"]
[Site "San Francisco"]
[Date "2018.06.12"]
[Round "3.3"]
[White "Chambers, Ezra Paul"]
[Black "Shi, Jaysen"]
[Result "1-0"]
[WhiteElo "2273"]
[BlackElo "1931"]
[Annotator "Winslow,Elliott"]
[PlyCount "82"]
[EventDate "2018.??.??"]
[Source "ChessBase"]
[SourceDate "2007.09.04"]

1. e4 e6 2. a3 $6 {Not particularly theoretical} d5 3. e5 c5 4. b4 cxb4 5. axb4
Bxb4 6. c3 Bf8 7. d4 {over 20 games in this position! (via different move
orders -- think Sicilian Wing Gambit)} Nc6 {
and now magically there are 55 games in Mega 2018!} 8. Bd3 {including games by
Marshall, Capablanca -- Koltanowski even! (all with White that is)} Nge7 9. h4
Qc7 {Finally a novel position.} (9... Bd7 10. h5 h6 11. f4 Na5 12. Nf3 Nc4 13.
Nh4 Nf5 14. Nxf5 exf5 15. Bxc4 dxc4 16. d5 Bc5 17. Qf3 O-O {
0-1 (40) Wartlick,K (2070)-Bagaturov,G (2540) Boeblingen 1998}) 10. h5 Bd7 11.
Ba3 h6 12. Bd6 Qd8 13. Na3 a6 14. Ne2 Nc8 $6 {
I'd have thought this a good idea. Stockfish isn't so sure.} 15. Bxf8 Rxf8 16.
O-O Na5 (16... Qh4 17. c4 N6e7 18. Qc2 Bc6 19. Rfb1) 17. g4 $2 (17. Nc2) 17...
b5 (17... Qg5 $1 18. f3 Ne7 {and ...f5 coming, when "as would be expected"
White's kingside advances backfire. (Actually in French positions like this
that pawn storm often works quite well for White.)}) 18. Ng3 Nb6 19. f4 Na4 20.
Nb1 Nb2 21. Qe2 Qh4 22. Kg2 Nac4 23. Bc2 Qe7 $6 (23... a5 {
and down the board can be uncomfortable for White}) 24. Nd2 Nxd2 25. Qxd2 Nc4
26. Qe1 Bc6 $6 (26... a5) (26... Kd8) 27. Kh3 Kd7 28. Bd3 Kc7 29. f5 a5 $2 30.
f6 gxf6 31. Rxf6 a4 32. Rxh6 {pawn back, h-pawn passed, +/-} Qg5 33. Rf6 Ne3
34. Qe2 $2 (34. Be2 {so the queen can pin the knight with Qc1 or Qd2}) 34...
Rg8 35. Rxf7+ Kb6 36. Bg6 $2 {White is in trouble} (36. Bh7 Nxg4 (36... Rgc8 $6
37. Qf3 Be8 38. Qf4 Qxg4+ 39. Qxg4 Nxg4 40. Rf3) 37. Bxg8 Rxg8 38. Qf3 Qd2 39.
Rh1 {is precarious and unclear}) 36... Rxg6 $5 $17 (36... Be8 $1 $19 37. Re1
Rxg6 38. hxg6 Bxf7 39. Qxe3 Qxg6) 37. hxg6 Qxg6 38. Rf6 Qg5 39. Nh5 Rh8 40. Re1
Nf5 41. Qf2 Bd7 $4 {Here one scoresheet ends, and the other goes on for 18
more unreadable moves. It looks like maybe Rf1 a3; Qxf5 (which could be played
right now); in any case,} 1-0

[Event "Mechanics' Summer TNM; G/2 d5"]
[Site "San Francisco"]
[Date "2018.07.10"]
[Round "7.1"]
[White "Chambers, Ezra Paul"]
[Black "Tsodikova, Natalya"]
[Result "1-0"]
[WhiteElo "2273"]
[BlackElo "2181"]
[Annotator "Winslow,E"]
[PlyCount "73"]
[EventDate "2018.??.??"]
[Source "ChessBase"]
[SourceDate "2007.09.04"]

1. e4 e5 2. Nf3 Nc6 3. Bb5 Nge7 4. c3 g6 5. d4 exd4 6. cxd4 d5 7. exd5 Nxd5 8.
O-O Bg7 9. Re1+ Be6 10. Bg5 Qb8 $6 (10... Qd6 {, the move I remember,} 11. Na3
O-O 12. Nc4 Qb4 13. Bxc6 bxc6 {has done pretty well for Black.}) 11. Nc3 O-O
12. Qd2 Nce7 $6 (12... Nxc3 13. bxc3 Bd5 14. Qf4 a6 15. Bxc6 bxc6 16. Rab1 Qc8
17. Re7 Re8 18. Rxc7 Rb8 19. Re1 Rxe1+ 20. Nxe1 Qe8 21. Re7 Qf8 22. h3 Bxa2 23.
Nd3 Re8 24. Rxe8 Qxe8 25. Bf6 Bf8 26. Qc7 Qe4 27. Qd8 Bd5 28. f3 Qxd3 29. Be5
Qe3+ 30. Kh2 Qh6 31. Qf6 Qg7 32. Qd8 f6 33. Bxf6 Qf7 34. Be5 Qe6 35. Qa8 c5 36.
Qd8 cxd4 37. cxd4 h6 38. Kg1 Kf7 39. Qb8 Be7 40. Qh8 h5 41. Qh7+ Ke8 42. Qh8+
Kd7 43. Qa8 Qc6 44. Qb8 Qb7 {
0-1 (44) Aseev,K (2560)-Sorokin,M (2570) Podolsk 1992}) 13. Bc4 c6 14. Bxe7
Nxe7 15. Bxe6 fxe6 16. Rxe6 $16 Nf5 (16... Qc7) 17. Rd1 Rd8 $6 18. Qe2 Qf4 19.
g3 $18 Qc7 20. Qc4 (20. g4 Nh6 21. Re7 Qc8 22. h3) 20... Kh8 21. Kg2 $6 (21. d5
Rac8 22. g4) 21... Qb6 $6 (21... Rac8) 22. Ng5 Rf8 23. Ree1 $6 (23. Re2) 23...
Qxb2 $6 (23... Nd6 24. Qc5 Rf5) 24. Re2 Qa3 25. Nf7+ Rxf7 26. Qxf7 Nd6 27. Qf3
Rf8 28. Qd3 Nf5 29. Nb1 Qxd3 30. Rxd3 Nxd4 31. Re7 b5 32. Rxg7 Kxg7 33. Rxd4 a5
34. Nc3 Rc8 35. Ne4 b4 36. Rd7+ Kf8 37. Rxh7 1-0

[Event "Mechanics' Summer TNM; G/2 d5"]
[Site "San Francisco"]
[Date "2018.06.26"]
[Round "5.1"]
[White "Chambers, Ezra Paul"]
[Black "Winslow, Elliott C"]
[Result "1-0"]
[WhiteElo "2273"]
[BlackElo "2299"]
[Annotator "Winslow,Elliott"]
[PlyCount "89"]
[EventDate "2018.??.??"]
[Source "ChessBase"]
[SourceDate "2007.09.04"]

1. d4 Nf6 2. c4 e6 3. Nc3 Bb4 4. e3 O-O 5. Bd3 d5 6. cxd5 Qxd5 $2 (6... exd5 7.
Nge2 Re8 8. Bd2 Bf8 (8... Bd6 9. O-O c6 10. Rc1 Ng4 $5)) 7. Nf3 c5 8. O-O Qh5 (
8... Bxc3 9. bxc3 c4 10. Bc2 (10. Be2 Nc6) 10... b5 11. a4 a6 12. Nd2 Bb7 13.
e4 Qc6 14. Ba3 Re8 15. f4 Nbd7 16. Qf3 Qc7 17. Qh3 h6 18. Rae1 Rad8 19. Re3 Kh8
20. Rg3 Nf8 21. e5 Ng8 22. f5 f6 23. fxe6 Nxe6 24. Qf5 g5 25. exf6 Qf7 26. Qg6
Rd7 27. Re3 Bd5 28. Qxf7 Rxf7 29. Bg6 Nf4 30. Rxe8 Nxg6 31. Rd8 Nf4 32. Rxf4
gxf4 33. Rxd5 Rxf6 34. axb5 axb5 35. Rxb5 Ra6 36. Nxc4 {
1-0 (36) Delchev,A (2591)-Lazaro Porta,A (2058) Balaguer 2007}) 9. a3 (9. Ne2
cxd4 10. Ng3 Qa5 11. exd4 Nbd7 12. Qe2 Qd8 13. Ne5 Nb6 14. Bg5 Be7 15. Rad1
Nbd5 16. Bb1 Bd7 17. Qd3 g6 18. h4 Ne8 19. Bh6 Bxh4 20. Bxf8 Kxf8 21. Qf3 f5
22. Nxf5 gxf5 23. Qh5 Bxf2+ 24. Rxf2 Qe7 25. Qh6+ Kg8 26. Rd3 f4 27. Rg3+ fxg3
28. Bxh7+ Qxh7 29. Rf8# {1-0 (29) Rowson,J (2445)-Norris,A (2285) Perth 1997})
9... Ba5 (9... Bxc3 10. bxc3) 10. Ne2 (10. Be2) 10... Bc7 11. Qc2 Nbd7 $4 (
11... Bd6) (11... b6) 12. e4 $18 e5 13. dxc5 Nb8 14. b4 Nc6 15. Ng3 Qg4 16. Be3
(16. h3 Qd7 17. Bg5) 16... Rd8 17. h3 Qd7 18. Rad1 Qe7 19. Bc4 (19. b5) 19...
h6 20. Rxd8+ Bxd8 21. Rd1 Bc7 22. Qc3 Be6 23. Rd3 a6 24. Bxe6 Qxe6 25. Qb3 Qxb3
26. Rxb3 Rd8 27. Kf1 Kf8 28. Nd2 Nd4 29. Rd3 a5 30. Bxd4 axb4 31. axb4 exd4 32.
Ne2 b6 33. f3 Nd7 34. cxb6 Bxb6 35. Nc4 Ba7 36. Nxd4 Rc8 37. Nb5 Ke7 $2 (37...
Rxc4 38. Nxa7 (38. Rxd7 Be3 (38... Rc1+ 39. Ke2 Bg1) 39. Nd6 Rxb4 40. Rxf7+ Kg8
41. Rb7) 38... Ke8 39. b5) 38. Ncd6 (38. Nbd6) 38... Rc1+ 39. Ke2 Bb8 40. Nf5+
Kd8 41. Nxg7 Rb1 42. Nd4 Bd6 43. Nc6+ Kc7 44. Ne8+ Kb6 45. Rxd6 1-0

[Event "Mechanics' Winter TNM; G/2 d5"]
[Site "San Francisco"]
[Date "2018.01.30"]
[Round "4.1"]
[White "Chambers, Ezra Paul"]
[Black "Winslow, Elliott C"]
[Result "0-1"]
[WhiteElo "2258"]
[BlackElo "2311"]
[Annotator "Winslow,Elliott"]
[PlyCount "80"]
[EventDate "2018.??.??"]
[Source "ChessBase"]
[SourceDate "2007.09.04"]

1. e4 d6 2. d4 Nf6 3. Nc3 g6 4. Bg5 c6 ({
Like in 4.Be3, Black should hold off on} 4... Bg7 {
until White has played some less-active move.} 5. Qd2 {and a fairly quick Bh6.}
) 5. f4 (5. Nf3 {For example} Bg7 6. Qd2 O-O 7. Bh6 b5 $1 {
"The reasons why this is the best way to react are not at all obvious" Marin} (
7... Nbd7 $6 {Attempting to transpose into a 6.Bd3 Nbd7 line in 4.Be3} 8. Bxg7
Kxg7 9. e5 $1 dxe5 10. dxe5 Ng4 11. O-O-O $1 $16 {
/\e5-e6 with a strong initiative on the dark squares." Marin}) 8. Bd3 Bg4 $1)
5... d5 $6 (5... Bg7 6. Qd2 (6. e5 Ng4 $1 $146) (6. Nf3 d5 $1) 6... b5 7. Bd3 (
7. e5 b4 8. exf6 exf6) (7. a3 O-O 8. Bd3 (8. Nf3 d5 9. Bxf6 exf6 10. exd5 Re8+
11. Be2 cxd5 12. Nxb5 Nc6) 8... Qb6 9. Nf3 $146 (9. e5 Re8 10. Nge2 Nd5 $146)
9... Bg4 {....}) 7... O-O 8. Nf3 (8. O-O-O b4 9. Nce2 a5 10. Nf3 d5 11. Bxf6 (
11. e5 Ne4 12. Qe3 a4 $5 $146) 11... exf6)) 6. e5 Ne4 7. Nxe4 dxe4 8. Ne2 (8.
Bc4 Qb6 9. Bb3 a5 10. a4 Na6 11. Qd2 Nc7 12. Ne2 Bg4 13. O-O-O Nd5 14. h3 Be6
15. Rhf1 O-O-O 16. g4 h6 17. Bh4 g5 18. f5 Bd7 19. Bf2 e6 20. Ng3 Bb4 21. Qe2
Nf4 22. Qxe4 Qc7 23. c3 Be7 24. f6 Bf8 25. Ne2 Nxe2+ 26. Qxe2 c5 27. d5 exd5
28. Rxd5 Re8 29. Rxd7 Qxd7 30. Rd1 Qc7 31. Bg3 h5 32. gxh5 Bh6 33. Qg4+ {
1-0 (33) Nyysti,S (2245)-Nyback, T (2448) Helsinki 2002}) 8... Qb6 $6 (8... f6
9. Bh4 Bh6) 9. Nc3 (9. Ng3) 9... Qxb2 10. Nxe4 Bf5 11. Rb1 Qxa2 12. Bd3 Qd5 13.
Qe2 Nd7 $2 (13... b5 $5) 14. Rxb7 $18 Qxd4 15. c3 {Still pretty good,} ({but} 
15. Nd6+ $3 exd6 16. Bxf5 gxf5 17. e6 $1 {
I didn't even consider it (and obviously neither did he).} (17. exd6+ $4 Qe4
$19 {is what I thought he had overlooked.})) 15... Qd5 16. O-O $1 (16. Qe3) (
16. Rc7) (16. Bh4) (16. Rb4) 16... Nc5 17. Nd6+ $6 (17. Nxc5 Qxc5+ 18. Kh1 $18
Bxd3 (18... Bc8 19. Rc7 Qa5 (19... Kd8 20. Rxc8+ $3 Kxc8 21. Ba6+ Kd8 22. f5) (
19... Qb6 20. Rxc6) 20. Rxc6 a6 21. f5 Bb7 22. Rc4) (18... Rd8 19. Bxf5 gxf5
$18) 19. Qxd3 Rd8 20. Qa6 h6 21. Bh4 g5 22. Bf2 Qd5 23. c4 Qe6 24. f5 Qc8 25.
Qxa7 Qxf5 26. Kg1 $18) 17... exd6 18. Bc4 $8 Qxc4 19. Qxc4 d5 {[#]} 20. Qb4 $2
(20. e6 $3 Bxe6 21. Qd4 Nxb7 22. Qxh8 Kd7 23. Kh1) 20... Nxb7 21. Qxb7 Bc5+ 22.
Kh1 O-O 23. Qxc6 Rfc8 24. Qf6 $6 (24. Qxd5 a5 25. h3 Ra7 26. Kh2 $14) 24... a5
$6 (24... Bf8 25. h3 Be6 26. f5 Bg7 27. Qe7 Bxf5 28. Rxf5 gxf5 29. e6 $11) 25.
Bh6 Bf8 26. Bxf8 Rxf8 27. h3 $14 a4 28. g4 Bd3 29. Ra1 Ra6 (29... a3 30. e6 a2
31. e7 Rfe8 32. Qc6 Rac8 33. Qd6 Be4+ 34. Kg1 Ra8 $16) 30. Qg5 $2 (30. Qe7 Rfa8
31. Ra3 $16) 30... Be4+ 31. Kg1 (31. Kh2 $1) 31... f6 $5 32. exf6 Raxf6 33. f5
Ra6 34. fxg6 $6 (34. Ra3) 34... Rxg6 35. Qe5 $2 (35. Qh5 $18) 35... Rgf6 36.
Rxa4 $2 (36. Kh2) 36... Rf1+ 37. Kh2 Rh1+ 38. Kg3 Rf3+ {
and with seconds left, I don't know how few:} 39. Kh4 $4 (39. Kg2 $3 $11 {
I saw it but didn't have time to see that, in fact, I have no mate now! And I
overlooked that he has Rxe4 if necessary.} Re1 {0.00x5}) 39... Rhxh3+ 40. Kg5
h6# 0-1

[Event "Mechanics' Summer TNM; G/2 d/5"]
[Site "San Francisco"]
[Date "2018.06.17"]
[Round "8.1"]
[White "Chambers, Ezra Paul"]
[Black "Wong, Russell"]
[Result "1-0"]
[WhiteElo "2273"]
[BlackElo "2200"]
[Annotator "Winslow,Elliott"]
[PlyCount "43"]
[EventDate "2018.??.??"]
[Source "ChessBase"]
[SourceDate "2007.09.04"]

1. e4 (1. d4 d5 2. c4 dxc4 (2... Nf6 3. cxd5 Nxd5 4. e4 Nf6 5. e5 Nd5 6. Bc4)
3. e4 Nf6 4. e5 Nd5 5. Bxc4) 1... Nf6 2. e5 Nd5 3. d4 (3. c4 Nb6 4. d4) 3...
Nb6 $6 (3... d6) 4. c4 {(Has White been "tricked" into a more aggressive line?)
} d5 $6 (4... d6 5. f4 (5. exd6)) 5. c5 (5. cxd5 Nxd5 6. Bc4 {is a whole new
transposition to the Queen's Gambit: consider the lines above under 1.d4...})
5... N6d7 6. Nc3 (6. e6 $5) 6... Nc6 $146 (6... e6) 7. f4 e6 8. Nf3 b6 $6 (8...
Ne7 9. Bd3 b6 10. Be3 bxc5 11. dxc5 c6 12. Qa4 Bb7 13. b4 g6 14. Bf2 Bh6 15.
Ne2 O-O 16. Rc1 {1-0 (53) Schuler,M (2132)-Heineck,L Germany 2001}) 9. Bb5 Bb7
10. Qa4 Ndb8 {ugh?} 11. b4 a6 12. Bd3 $6 (12. Be2 {avoids a little something...
}) 12... a5 $5 {[#]} 13. bxa5 $2 (13. b5 Nb4 $1 {
is quite annoying, but still White's best contiuation} 14. Be2 bxc5 15. a3 Nd7)
13... bxc5 $17 14. Bb5 Qd7 $6 (14... Be7 15. dxc5 O-O $17) 15. O-O {[#]} Rxa5
$2 (15... Ba6 $17) (15... cxd4 $17) 16. Qxa5 Nxa5 17. Bxd7+ Nxd7 (17... Kxd7 $1
$14) 18. Rb1 $16 cxd4 $6 (18... Ba6 19. Nb5 Bxb5 20. Rxb5 Nc4) 19. Nb5 c5 $6
20. Bd2 Nc6 21. Nc7+ Kd8 22. Rxb7 1-0

[Event "Mechanics' Spring TNM; G/2 d5"]
[Site "San Francisco"]
[Date "2018.04.03"]
[Round "3.36"]
[White "Chan, John"]
[Black "Bayaraa, Timothy"]
[Result "1-0"]
[WhiteElo "1663"]
[BlackElo "1019"]
[PlyCount "69"]
[EventDate "2018.??.??"]
[Source "ChessBase"]
[SourceDate "2007.09.04"]

1. d4 d5 2. Nf3 Nf6 3. h3 Nc6 4. c3 Qd6 5. Na3 e5 6. dxe5 Nxe5 7. Nb5 Nxf3+ 8.
gxf3 Qb6 9. a4 a6 10. Nd4 c5 11. Nc2 Be7 12. Bg2 Bf5 13. Ne3 Be6 14. O-O O-O
15. b3 d4 16. cxd4 cxd4 17. Nc4 Qc5 18. Bf4 b5 19. Ne5 Bd6 20. Rc1 Qb4 21. Nc6
Qa3 22. Bxd6 Qxd6 23. Qxd4 Qc7 24. axb5 axb5 25. Ne5 Qe7 26. Nc6 Qb7 27. b4
Rac8 28. Na5 Qa6 29. f4 Rfd8 30. Rxc8 Qxc8 31. Qb6 Nd5 32. Bxd5 Bxd5 33. f5 Re8
34. Qxb5 Ba8 35. Rd1 1-0

[Event "Mechanics' Shipman TNM; G/2 d/5"]
[Site "San Francisco"]
[Date "2018.09.18"]
[Round "7.31"]
[White "Chan, John"]
[Black "Bayaraa, Timothy"]
[Result "1-0"]
[WhiteElo "1510"]
[BlackElo "1032"]
[PlyCount "73"]
[EventDate "2018.??.??"]
[Source "ChessBase"]
[SourceDate "2007.09.04"]

1. d4 d5 2. Nf3 Nc6 3. h3 Nf6 4. c3 Bf5 5. Bf4 h6 6. Nbd2 g5 7. Bh2 Ne4 8. g4
Bg6 9. Ne5 Nxe5 10. dxe5 e6 11. Bg2 Nxd2 12. Qxd2 Qd7 13. a4 Bg7 14. Bg3 Qe7
15. Qe3 h5 16. gxh5 Bxh5 17. f3 O-O-O 18. h4 d4 19. cxd4 f6 20. hxg5 fxe5 21.
dxe5 Bg6 22. Rxh8 Bxh8 23. Kf2 Qb4 24. Qxa7 Qb3 25. Bf4 Bc2 26. a5 Qxb2 27. Rc1
Qd4+ 28. Qxd4 Rxd4 29. Be3 Rc4 30. Bh3 Bxe5 31. Bxe6+ Kb8 32. Bxc4 Bg6 33. f4
Bb2 34. Rh1 Be4 35. Rh6 Bg7 36. Re6 Bc6 37. Rg6 1-0

[Event "Mechanics' Shipman TNM; G/2 d/5"]
[Site "San Francisco"]
[Date "2018.08.14"]
[Round "2.36"]
[White "Chan, John"]
[Black "Cendejas, Jon Rodo"]
[Result "1-0"]
[WhiteElo "1510"]
[BlackElo "962"]
[PlyCount "103"]
[EventDate "2018.??.??"]
[Source "ChessBase"]
[SourceDate "2007.09.04"]

1. d4 d5 2. Nf3 Nf6 3. h3 Nc6 4. c3 Bf5 5. Bf4 h6 6. Nbd2 e6 7. Nb3 Bd6 8. Bxd6
cxd6 9. e3 O-O 10. Be2 e5 11. Nh4 Bh7 12. dxe5 dxe5 13. Nf3 a6 14. O-O Qd6 15.
c4 Rad8 16. c5 Qe7 17. Qc1 Rfe8 18. a3 Bg6 19. Re1 Bh5 20. Qc2 Bg6 21. Qc1 Nd7
22. Bf1 a5 23. Bb5 Be4 24. Bxc6 bxc6 25. Nxa5 Rc8 26. Nb7 Bxf3 27. gxf3 Qg5+
28. Kf1 e4 29. fxe4 Rxe4 30. Nd6 Rh4 31. e4 Qh5 32. Re3 Rd8 33. Nf5 Rxh3 34.
Ng3 Qh4 35. exd5 cxd5 36. c6 Nb6 37. Qe1 Qf6 38. Rc1 Nc4 39. Re7 Qxc6 40. b3
Qf6 41. Kg2 Qh4 42. bxc4 dxc4 43. Rxc4 Rh2+ 44. Kg1 Qh3 45. Re8+ Rxe8 46. Qxe8+
Kh7 47. Qe4+ f5 48. Qf3 g5 49. Qxf5+ Kg7 50. Rc7+ Kg8 51. Qf7+ Kh8 52. Qg7# 1-0

[Event "Mechanics' Summer TNM; G/2 d/5"]
[Site "San Francisco"]
[Date "2018.07.10"]
[Round "7.32"]
[White "Chan, John"]
[Black "Cendejas, Jon Rodolfo"]
[Result "1-0"]
[WhiteElo "1522"]
[BlackElo "911"]
[PlyCount "69"]
[EventDate "2018.??.??"]
[Source "ChessBase"]
[SourceDate "2007.09.04"]

1. d4 d5 2. Nf3 Nf6 3. h3 Nc6 4. Bf4 Bf5 5. a3 e6 6. e3 a6 7. Be2 Bd6 8. Bg5 h6
9. Bxf6 Qxf6 10. Nbd2 O-O-O 11. Rc1 Qg6 12. Nh4 Qg5 13. Ndf3 Qf6 14. b4 Be4 15.
Nd2 Qxh4 16. Nf3 Qf6 17. c4 a5 18. c5 Be7 19. b5 Nb8 20. Qa4 c6 21. Qxa5 Qf5
22. Rg1 Bf6 23. Qb6 Nd7 24. Qa5 Nb8 25. Qb4 e5 26. dxe5 Be7 27. Qc3 h5 28. a4
f6 29. a5 Qd7 30. a6 bxa6 31. bxa6 Nxa6 32. Bxa6+ Kc7 33. Qa5+ Kb8 34. Qb6+ Ka8
35. Ra1 1-0

[Event "Mechanics' Vartan Bedjanian TNM; G/2 d/"]
[Site "San Francisco"]
[Date "2018.11.07"]
[Round "3.38"]
[White "Chan, John"]
[Black "Cheng, Andrew"]
[Result "0-1"]
[WhiteElo "1546"]
[BlackElo "1366"]
[PlyCount "88"]
[EventDate "2018.??.??"]
[Source "ChessBase"]
[SourceDate "2007.09.04"]

1. d4 Nf6 2. Nf3 d5 3. h3 Nc6 4. c3 g6 5. Bf4 Bg7 6. Nbd2 O-O 7. e3 Re8 8. Bb5
a6 9. Bd3 Bd7 10. Qc2 e6 11. g4 Rc8 12. Bg3 Ne7 13. b4 Bb5 14. Bxb5 axb5 15.
O-O c6 16. Rae1 Ra8 17. Ne5 Nc8 18. f3 Nd6 19. Nd3 b6 20. e4 dxe4 21. fxe4 Nc4
22. Nxc4 bxc4 23. Ne5 b5 24. Nxc6 Qc8 25. Ne5 Ra7 26. Bf2 Qa8 27. Re2 Ra6 28.
Bg3 Re7 29. Bh4 Rea7 30. Ra1 Nd7 31. Nf3 f5 32. Bf2 fxg4 33. hxg4 Nf6 34. Nh2
Rf7 35. Qb1 Nd7 36. Qe1 Qb7 37. Re3 Ra8 38. a3 Raf8 39. Ra2 Bh6 40. Rh3 Bf4 41.
Nf3 Nf6 42. Ne5 Bxe5 43. dxe5 Nxe4 44. Rh2 Ng5 0-1

[Event "Mechanics' Winter TNM; G/2 d5"]
[Site "San Francisco"]
[Date "2018.01.09"]
[Round "1.41"]
[White "Chan, John"]
[Black "Enkhjargal, Gabriel"]
[Result "1-0"]
[WhiteElo "1655"]
[BlackElo "911"]
[PlyCount "69"]
[EventDate "2018.??.??"]
[Source "ChessBase"]
[SourceDate "2007.09.04"]

1. d4 d5 2. Nf3 Nc6 3. h3 Nf6 4. c3 Bf5 5. Bf4 e6 6. Nbd2 Be7 7. g4 Bg6 8. Bg2
O-O 9. O-O Ne4 10. e3 Nxd2 11. Nxd2 Be4 12. Bxe4 dxe4 13. Nxe4 f5 14. gxf5 Rxf5
15. Ng3 Rf6 16. Kh2 Rg6 17. Qe2 Bd6 18. Bxd6 Qxd6 19. f4 Rf8 20. Rf3 Qd5 21. e4
Qd6 22. e5 Qd5 23. b3 Rh6 24. Rg1 g5 25. Ne4 Qd8 26. Nf6+ Kh8 27. fxg5 Rg6 28.
Qe4 Qe7 29. h4 Qg7 30. h5 Rgxf6 31. gxf6 Qf7 32. Rg7 Qxh5+ 33. Rh3 Qf5 34.
Rhxh7+ Qxh7+ 35. Qxh7# 1-0

[Event "Mechanics' Spring TNM; G/2 d5"]
[Site "San Francisco"]
[Date "2018.05.01"]
[Round "7.25"]
[White "Chan, John"]
[Black "Frank, Robert H"]
[Result "1-0"]
[WhiteElo "1663"]
[BlackElo "1261"]
[PlyCount "95"]
[EventDate "2018.??.??"]
[Source "ChessBase"]
[SourceDate "2007.09.04"]

1. d4 Nf6 2. Nf3 d5 3. h3 Bf5 4. Nbd2 e6 5. a3 Bd6 6. e3 O-O 7. Be2 c5 8. c3 c4
9. O-O Nbd7 10. Re1 e5 11. dxe5 Nxe5 12. Nd4 Qd7 13. Bf1 Rae8 14. Nxf5 Qxf5 15.
Nf3 Nxf3+ 16. Qxf3 Qxf3 17. gxf3 h6 18. Rb1 a5 19. b3 b5 20. bxc4 bxc4 21. Rb5
Be5 22. Bd2 Ra8 23. a4 Rfb8 24. Reb1 Kf8 25. Bg2 Rd8 26. Kf1 Bc7 27. Bc1 Be5
28. Bd2 Bc7 29. Ke2 Ke7 30. Rb7 Ne8 31. e4 d4 32. cxd4 Rxd4 33. Bf4 Kd7 34. Bf1
Nd6 35. Bxd6 Kxd6 36. Ke3 Rd3+ 37. Bxd3 cxd3 38. Kxd3 Kc6 39. R7b5 f6 40. Rc1+
Kd6 41. f4 Kd7 42. Rb7 Rc8 43. e5 fxe5 44. fxe5 g5 45. f3 Kd8 46. Ke4 Bb8 47.
Rxc8+ Kxc8 48. Rh7 1-0

[Event "Mechanics' Winter TNM; G/2 d5"]
[Site "San Francisco"]
[Date "2018.02.06"]
[Round "5.32"]
[White "Chan, John"]
[Black "James, Charles"]
[Result "0-1"]
[WhiteElo "1655"]
[BlackElo "1381"]
[PlyCount "32"]
[EventDate "2018.??.??"]
[Source "ChessBase"]
[SourceDate "2007.09.04"]

1. d4 d5 2. Nf3 Nf6 3. h3 Nbd7 4. c3 e6 5. Bg5 Be7 6. Nbd2 O-O 7. Qc2 c5 8. e3
c4 9. Be2 Qc7 10. g4 Bd6 11. Bh4 e5 12. Bxf6 Nxf6 13. g5 Ne8 14. Nh4 f5 15.
gxf6 Rxf6 16. dxe5 Bxe5 {Remaining moves unavailable.} 0-1

[Event "Mechanics' Spring TNM; G/2 d5"]
[Site "San Francisco"]
[Date "2018.04.10"]
[Round "4.18"]
[White "Chan, John"]
[Black "Malykin, Erika"]
[Result "0-1"]
[WhiteElo "1663"]
[BlackElo "1590"]
[PlyCount "104"]
[EventDate "2018.??.??"]
[Source "ChessBase"]
[SourceDate "2007.09.04"]

1. d4 Nf6 2. Nf3 e6 3. c3 d5 4. h3 c5 5. e3 Bd7 6. Nbd2 Nc6 7. Be2 Be7 8. Bd3
c4 9. Bc2 Qc7 10. Qe2 b5 11. a3 h6 12. Nf1 Qa5 13. Ng3 b4 14. Bd2 bxa3 15. bxa3
Rb8 16. O-O Rb2 17. Bc1 Rb7 18. Qd2 Bd6 19. Ne2 Qc7 20. Nf4 g5 21. Ne2 Rg8 22.
Kh1 g4 23. hxg4 Nxg4 24. Nf4 Na5 25. a4 f5 26. g3 Nf6 27. Kg2 Ne4 28. Qe1 Nb3
29. Bxb3 Rxb3 30. Rh1 Rxc3 31. Rxh6 Rc2 32. Nd2 Bxf4 33. Nxe4 Bxh6 34. Nf6+ Kf7
35. Nxg8 Kxg8 36. Qd1 Rc3 37. Qh5 Bg7 38. Bd2 Rb3 39. Rh1 c3 40. Qh7+ Kf8 41.
Bc1 e5 42. Qg6 exd4 43. Rh7 Be8 44. Qxf5+ Qf7 45. Qxf7+ Bxf7 46. exd4 Bxd4 47.
Rh4 Bf6 48. Bh6+ Ke7 49. Rg4 c2 50. Bc1 Rb1 51. Ba3+ Ke6 52. a5 Bb2 0-1